Central Library OPAC University of Rajshahi

Eleni / (Record no. 25597)

MARC details
000 -LEADER
fixed length control field 00771nam a2200265 a 4500
001 - CONTROL NUMBER
control field 25597
003 - CONTROL NUMBER IDENTIFIER
rucl marc code BD-RjUL
005 - DATE AND TIME OF LATEST TRANSACTION
control field 20211209050912.0
008 - FIXED-LENGTH DATA ELEMENTS--GENERAL INFORMATION
fixed length control field 890208r19891983enk 000 0beng d
020 ## - INTERNATIONAL STANDARD BOOK NUMBER
International Standard Book Number 0002720191
035 ## - SYSTEM CONTROL NUMBER
System control number (BD-RjUL) 25667
040 ## - CATALOGING SOURCE
Original cataloging agency DLC
Language of cataloging eng
Transcribing agency DLC
Modifying agency BD-RjUL
041 ## - LANGUAGE CODE
Language code of text/sound track or separate title eng
082 04 - DEWEY DECIMAL CLASSIFICATION NUMBER
Classification number 945.5
Edition number 19
Author mark and year GAE 1983
100 1# - MAIN ENTRY--PERSONAL NAME
Personal name Gage, Nicholas.
9 (RLIN) 78673
245 10 - TITLE STATEMENT
Title Eleni /
Statement of responsibility, etc. Nicholas Gage
260 ## - PUBLICATION, DISTRIBUTION, ETC. (IMPRINT)
Place of publication, distribution, etc. New york :
Name of publisher, distributor, etc. Random House,
Date of publication, distribution, etc. c1983.
300 ## - PHYSICAL DESCRIPTION
Pagination 470 p. ;
Size 22 cm
500 ## - GENERAL NOTE
General note Originally published: London : Collins, 1983
600 10 - SUBJECT ADDED ENTRY--PERSONAL NAME
Personal name Gatzoyiannis, Eleni
650 #0 - SUBJECT ADDED ENTRY--TOPICAL TERM
Topical term or geographic name as entry element Murder
Geographic subdivision Greece
-- Lia
General subdivision History
Chronological subdivision 20th century
9 (RLIN) 78675
651 #0 - SUBJECT ADDED ENTRY--GEOGRAPHIC NAME
Geographic name Greece
General subdivision History
Chronological subdivision Civil War, 1944-1949
9 (RLIN) 78676
942 ## - ADDED ENTRY ELEMENTS (KOHA)
Source of classification or shelving scheme Dewey Decimal Classification
Koha item type Books
Holdings
Lost status Source of classification or shelving scheme Damaged status Not for loan Collection code Permanent Location Current Location Shelving location Date acquired Source of acquisition Total Checkouts Full call number Date last seen Copy number Koha item type
  Dewey Decimal Classification     Non-fiction Central Library, University of Rajshahi Central Library, University of Rajshahi   11/09/1985 Asia foundation   945.5 GAE 1983 18/03/2014 C-3 Books
  Dewey Decimal Classification     Non-fiction Central Library, University of Rajshahi Central Library, University of Rajshahi   11/09/1985 Asia Fundation   945.5 GAE 1983 19/03/2014 C-2 Books